| 000 | 01358nam2a2200253 4500 | ||
|---|---|---|---|
| 001 | RU\NLR\bibl\1415424 | ||
| 005 | 20250615212654.0 | ||
| 021 |
_aRU _b2009-56537 _93488 |
||
| 035 | _a(NLR Aleph) 001407391 | ||
| 090 |
_a1260689 _c1260689 |
||
| 100 | _a20090922d2008 |||y0rusy50 ca | ||
| 101 | 0 | _arus | |
| 102 | _aRU | ||
| 105 | _aa ||||||||| | ||
| 200 | 0 |
_aЧ. 2 _f[В.С. Доев, Ф.А. Дронин] |
|
| 210 |
_d2008 _aБ. м. |
||
| 215 |
_a76 с. _cил. |
||
| 320 | _aБиблиогр.: с. 75 (1 назв.) | ||
| 461 | 0 |
_1001RU\NLR\bibl\1272937 _12001#$aКинематика. Матричное изложение$vЧ. 2 _9365813 _aДоев, В. С. _cСанкт-Петербург _fВ.С. Доев, Ф.А. Доронин, Б.А. Ярцев _nПетербургский государственный университет путей сообщения _oучебное пособие : [для студентов механического, электромеханического, строительного факультета также факультетов "Мосты и тоннели" и "Управление процессом перевозок"] _tКинематика. Матричное изложение _vЧ. 2 |
|
| 801 | 0 |
_aRU _bNLR _c20090922 _gRCR |
|
| 801 | 1 |
_aRU _bNLR _c20090922 |
|
| 942 | _cBOOK | ||
| 980 | _aNB | ||